000 00281nam a22001217a 4500
008 181123b xxu||||| |||| 00| 0 eng d
041 _aeng
080 _a043.3
100 _a0
101 _aBTH-SI
245 _aMirembajtja dhe Siguria e ERP Sistemeve
_cHoxha, A
942 _2udc
_cBK
999 _c52454
_d52454